000
00285nam a22001337a 4500
008
170620b xxu||||| |||| 00| 0 eng d
020
_a
9780131090835
041
_a
eng
080
_a
32
100
_a
20
101
_a
SHP
245
_a
POLICY ANALYSIS
_c
WEIMER, D.L
942
_2
udc
_c
BK
999
_c
18356
_d
18356